000 00401nam a2200133Ia 4500
005 20260326100044.0
008 260326s9999||||xx |||||||||||||| ||und||
100 _aSchnitter Castellanos, Patricia
245 0 _aJosé Luis Sert y Colombia :
_b de la Carta de Atenas a una Carta del Hábitat /
_cPatricia Schnitter Castellanos
260 _bTesis
300 _a308 p.
650 _aURBANISMO
942 _cBK
999 _c7114
_d7114